Escudos de los estados de México - Estadísticas

Estadísticas generales
  • Esta prueba ha sido intentada 11 veces
  • La puntuación promedio es 15 de 32
Estadísticas de respuestas
Imagen Respuesta % Correcto
Baja California Sur
88%
Hidalgo
88%
Jalisco
75%
Sonora
75%
Chiapas
63%
Ciudad de México
63%
Oaxaca
63%
Veracruz
63%
Yucatán
63%
Aguascalientes
50%
Chihuahua
50%
Coahuila
50%
Durango
50%
Guerrero
50%
Nuevo León
50%
Puebla
50%
Querétaro
50%
Sinaloa
50%
Baja California
38%
Campeche
38%
Colima
38%
Morelos
38%
Quintana Roo
38%
Tamaulipas
38%
Estado de México
25%
Guanajuato
25%
Michoacán
25%
Nayarit
25%
San Luis Potosí
25%
Tabasco
25%
Tlaxcala
25%
Zacatecas
25%
No se encontraron pruebas coincidentes
Distribución de puntuación
Porcentaje de gente con cada puntuación
Porcentaje por número respondido
Historial de tus puntuaciones
No has intentado esta prueba.